<?xml version="1.0" encoding="UTF-8"?>
<record
    xmlns:xsi="http://www.w3.org/2001/XMLSchema-instance"
    xsi:schemaLocation="http://www.loc.gov/MARC21/slim http://www.loc.gov/standards/marcxml/schema/MARC21slim.xsd"
    xmlns="http://www.loc.gov/MARC21/slim">

  <leader>01762ncm0a22004091  4500</leader>
  <controlfield tag="001">RU\NLR\ONIZ\218638</controlfield>
  <controlfield tag="005">20250626062640.0</controlfield>
  <datafield tag="013" ind1=" " ind2=" ">
    <subfield code="a">979-0-66004-307-3</subfield>
  </datafield>
  <datafield tag="035" ind1=" " ind2=" ">
    <subfield code="a">RU\NLR\ONIZ\&#x422;&#x430;&#x43D;&#x44F;\5000004514\20170606124905</subfield>
  </datafield>
  <datafield tag="035" ind1=" " ind2=" ">
    <subfield code="a">(NLR Aleph) 011415130</subfield>
  </datafield>
  <datafield tag="071" ind1="2" ind2="0">
    <subfield code="a">&#x441; 4307 &#x43A;</subfield>
  </datafield>
  <datafield tag="090" ind1=" " ind2=" ">
    <subfield code="a">11580343</subfield>
    <subfield code="c">11580343</subfield>
  </datafield>
  <datafield tag="100" ind1=" " ind2=" ">
    <subfield code="a">20170606d2006    |||y0rusy50      ca</subfield>
  </datafield>
  <datafield tag="101" ind1="0" ind2=" ">
    <subfield code="a">mul</subfield>
    <subfield code="a">rus</subfield>
    <subfield code="f">eng</subfield>
    <subfield code="f">rus</subfield>
  </datafield>
  <datafield tag="102" ind1=" " ind2=" ">
    <subfield code="a">RU</subfield>
  </datafield>
  <datafield tag="125" ind1=" " ind2=" ">
    <subfield code="a">dx</subfield>
  </datafield>
  <datafield tag="145" ind1="0" ind2=" ">
    <subfield code="a">a</subfield>
  </datafield>
  <datafield tag="200" ind1="1" ind2=" ">
    <subfield code="a">&#x41A;&#x43B;&#x430;&#x441;&#x441;&#x438;&#x447;&#x435;&#x441;&#x43A;&#x430;&#x44F; &#x438; &#x434;&#x443;&#x445;&#x43E;&#x432;&#x43D;&#x430;&#x44F; &#x43C;&#x443;&#x437;&#x44B;&#x43A;&#x430;</subfield>
    <subfield code="b">&#x41D;&#x43E;&#x442;&#x44B;</subfield>
    <subfield code="d">Classical and ecclesiastic music</subfield>
    <subfield code="z">eng</subfield>
    <subfield code="e">&#x434;&#x43B;&#x44F; &#x434;&#x435;&#x442;. (&#x436;&#x435;&#x43D;.) &#x445;&#x43E;&#x440;&#x430; [&#x431;&#x435;&#x437; &#x441;&#x43E;&#x43F;&#x440;&#x43E;&#x432;&#x43E;&#x436;&#x434;.]</subfield>
    <subfield code="f">&#x440;&#x435;&#x434;., &#x441;&#x43E;&#x441;&#x442;., &#x430;&#x432;&#x442;. &#x43F;&#x435;&#x440;&#x435;&#x43B;&#x43E;&#x436;. &#x41B;. &#x410;. &#x416;&#x443;&#x43A;&#x43E;&#x432;&#x430;</subfield>
  </datafield>
  <datafield tag="208" ind1=" " ind2=" ">
    <subfield code="a">[&#x425;&#x43E;&#x440;. &#x43F;&#x430;&#x440;&#x442;&#x438;&#x442;&#x443;&#x440;&#x430;]</subfield>
  </datafield>
  <datafield tag="210" ind1=" " ind2=" ">
    <subfield code="a">&#x421;&#x430;&#x43D;&#x43A;&#x442;-&#x41F;&#x435;&#x442;&#x435;&#x440;&#x431;&#x443;&#x440;&#x433;</subfield>
    <subfield code="c">&#x41A;&#x43E;&#x43C;&#x43F;&#x43E;&#x437;&#x438;&#x442;&#x43E;&#x440;-&#x421;&#x430;&#x43D;&#x43A;&#x442;-&#x41F;&#x435;&#x442;&#x435;&#x440;&#x431;&#x443;&#x440;&#x433;</subfield>
    <subfield code="d">2006</subfield>
  </datafield>
  <datafield tag="215" ind1=" " ind2=" ">
    <subfield code="a">30 &#x441;.</subfield>
    <subfield code="d">30 &#x441;&#x43C;</subfield>
  </datafield>
  <datafield tag="606" ind1="1" ind2=" ">
    <subfield code="a">&#x425;&#x43E;&#x440;&#x43E;&#x432;&#x430;&#x44F; &#x43C;&#x443;&#x437;&#x44B;&#x43A;&#x430; a cappella</subfield>
    <subfield code="y">&#x420;&#x43E;&#x441;&#x441;&#x438;&#x44F;</subfield>
    <subfield code="z">20-21 &#x432;&#x432;.</subfield>
    <subfield code="j">&#x41D;&#x43E;&#x442;&#x44B;</subfield>
    <subfield code="2">nlr_sh</subfield>
  </datafield>
  <datafield tag="606" ind1="1" ind2=" ">
    <subfield code="a">&#x425;&#x43E;&#x440;&#x43E;&#x432;&#x430;&#x44F; &#x43C;&#x443;&#x437;&#x44B;&#x43A;&#x430; &#x434;&#x43B;&#x44F; &#x434;&#x435;&#x442;&#x441;&#x43A;&#x43E;&#x433;&#x43E; &#x445;&#x43E;&#x440;&#x430; &#x431;&#x435;&#x437; &#x441;&#x43E;&#x43F;&#x440;&#x43E;&#x432;&#x43E;&#x436;&#x434;&#x435;&#x43D;&#x438;&#x44F;</subfield>
    <subfield code="j">&#x41D;&#x43E;&#x442;&#x44B;</subfield>
    <subfield code="2">nlr_sh</subfield>
  </datafield>
  <datafield tag="606" ind1="1" ind2=" ">
    <subfield code="a">&#x425;&#x43E;&#x440;&#x43E;&#x432;&#x430;&#x44F; &#x43C;&#x443;&#x437;&#x44B;&#x43A;&#x430; &#x434;&#x43B;&#x44F; &#x436;&#x435;&#x43D;&#x441;&#x43A;&#x43E;&#x433;&#x43E; &#x445;&#x43E;&#x440;&#x430; &#x438; &#x444;&#x43F;.</subfield>
    <subfield code="y">&#x420;&#x43E;&#x441;&#x441;&#x438;&#x44F;</subfield>
    <subfield code="z">20-21 &#x432;&#x432;.</subfield>
    <subfield code="j">&#x41D;&#x43E;&#x442;&#x44B;</subfield>
    <subfield code="2">nlr_sh</subfield>
  </datafield>
  <datafield tag="686" ind1=" " ind2=" ">
    <subfield code="a">&#x429;941.2-0-043.3&#x44F;43</subfield>
    <subfield code="v">LBC/SL</subfield>
    <subfield code="2">rubbk</subfield>
  </datafield>
  <datafield tag="686" ind1=" " ind2=" ">
    <subfield code="a">&#x429;941.8-0&#x44F;43</subfield>
    <subfield code="v">LBC/SL</subfield>
    <subfield code="2">rubbk</subfield>
  </datafield>
  <datafield tag="686" ind1=" " ind2=" ">
    <subfield code="a">&#x429;99&#x44F;43</subfield>
    <subfield code="v">LBC/SL</subfield>
    <subfield code="2">rubbk</subfield>
  </datafield>
  <datafield tag="700" ind1=" " ind2="1">
    <subfield code="9">z02790</subfield>
    <subfield code="a">&#x416;&#x443;&#x43A;&#x43E;&#x432;&#x430;</subfield>
    <subfield code="b">&#x41B;. &#x410;.</subfield>
    <subfield code="g">&#x41B;&#x44E;&#x434;&#x43C;&#x438;&#x43B;&#x430; &#x410;&#x434;&#x430;&#x43C;&#x43E;&#x432;&#x43D;&#x430;</subfield>
    <subfield code="4">220</subfield>
    <subfield code="7">ca</subfield>
  </datafield>
  <datafield tag="790" ind1=" " ind2="1">
    <subfield code="9">z02700</subfield>
    <subfield code="a">Zhukova</subfield>
    <subfield code="b">L. A.</subfield>
    <subfield code="g">Lyudmila Adamovna</subfield>
    <subfield code="4">220</subfield>
    <subfield code="7">ba</subfield>
  </datafield>
  <datafield tag="801" ind1=" " ind2="0">
    <subfield code="a">RU</subfield>
    <subfield code="b">NLR</subfield>
    <subfield code="c">20170606</subfield>
    <subfield code="g">PSBO</subfield>
  </datafield>
  <datafield tag="801" ind1=" " ind2="1">
    <subfield code="a">RU</subfield>
    <subfield code="b">NLR</subfield>
    <subfield code="c">20170606</subfield>
    <subfield code="2">rusmarc</subfield>
  </datafield>
  <datafield tag="801" ind1=" " ind2="2">
    <subfield code="a">RU</subfield>
    <subfield code="b">NLR</subfield>
    <subfield code="c">20180829</subfield>
  </datafield>
  <datafield tag="852" ind1=" " ind2=" ">
    <subfield code="a">NLR</subfield>
    <subfield code="b">&#x41C;</subfield>
    <subfield code="j">&#x41A;-3/28442</subfield>
    <subfield code="p">259170</subfield>
    <subfield code="t">1</subfield>
  </datafield>
  <datafield tag="942" ind1=" " ind2=" ">
    <subfield code="c">SCORE</subfield>
  </datafield>
  <datafield tag="980" ind1=" " ind2=" ">
    <subfield code="a">NB</subfield>
  </datafield>
  <datafield tag="980" ind1=" " ind2=" ">
    <subfield code="a">ONIZ</subfield>
  </datafield>
  <datafield tag="995" ind1=" " ind2=" ">
    <subfield code="5">2017-06-06</subfield>
    <subfield code="b">NLR01</subfield>
    <subfield code="c">NLR01</subfield>
    <subfield code="e">ONIZ</subfield>
    <subfield code="k">&#x41A;-3/28442 &#x41A;-3/28442</subfield>
    <subfield code="o">0</subfield>
    <subfield code="r">SCORE</subfield>
    <subfield code="s">328442_328442</subfield>
  </datafield>
</record>
